[Event "Rome Steinitz op 1st"]
[Site "Rome"]
[Date "2002.07.07"]
[Round "5"]
[White "D'Amico, Francesco"]
[Black "Della Corte, Alessandro"]
[Result "0-1"]
[WhiteElo "1600"]
[BlackElo "1915"]
[PlyCount "70"]
[EventDate "2002.07.05"]
[EventType "swiss"]
[EventRounds "5"]
[EventCountry "ITA"]
[SourceTitle "EXT 2007"]
[Source "ChessBase"]
[SourceDate "2006.11.23"]
[SourceVersion "1"]
[SourceVersionDate "2006.11.23"]
[SourceQuality "1"]

1. d4 Nf6 2. c4 c5 3. d5 b5 4. cxb5 a6 5. bxa6 Bxa6 6. Nc3 d6 7. e4 Bxf1 8. Kxf1 Nbd7 9. h3 g6 10. Bg5 Bg7 11. Qd2 Qb6 12. Nf3 0-0 13. g3 Rfb8 14. Rb1 Qb4 15. Kg2 Nb6 16. b3 h6 17. Bf4 g5 18. Bxg5 hxg5 19. Nxg5 Nh7 20. Nxh7 Bxc3 21. Qg5+ Kxh7 22. Qxe7 Kg8 23. Qg5+ Bg7 24. Rhe1 Rxa2 25. h4 Qd2 26. Qxd2 Rxd2 27. h5 Bd4 28. g4 Rxf2+ 29. Kg3 Ra8 30. Rf1 Raa2 31. Rxf2 Bxf2+ 32. Kf4 Nd7 33. g5 Ne5 34. h6 Ra3 35. Rf1 Rxb3 0-1